[Event "GER CM01-B email"]
[Site "GER email"]
[Date "2014.09.25"]
[Round "?"]
[White "Lucki, Stanislaw"]
[Black "Hitzegrad, Juergen"]
[Result "1/2-1/2"]
[WhiteElo "2327"]
[BlackElo "2329"]
[PlyCount "81"]
[EventDate "2014.??.??"]
[EventType "tourn (corr)"]
[EventRounds "12"]
[EventCountry "GER"]
[SourceTitle "Corr 2017"]
[Source "ChessBase"]
[SourceDate "2017.09.19"]
[SourceVersion "1"]
[SourceVersionDate "2017.09.19"]
[SourceQuality "1"]

1. e4 c5 2. Nf3 d6 3. d4 cxd4 4. Nxd4 Nf6 5. Nc3 a6 6. Bg5 e6 7. f4 Qb6 8. Qd2 Qxb2 9. Rb1 Qa3 10. e5 dxe5 11. fxe5 Nfd7 12. Ne4 h6 13. Bh4 Qxa2 14. Rd1 Qd5 15. Qe3 Qxe5 16. Be2 Bc5 17. Bg3 Qd5 18. c4 Bxd4 19. Rxd4 Qa5+ 20. Rd2 0-0 21. Bd6 Nc6 22. 0-0 Rd8 23. g4 Nde5 24. h4 Rxd6 25. Nxd6 b6 26. g5 Qc5 27. Qxc5 bxc5 28. Bh5 hxg5 29. hxg5 Nd4 30. Bxf7+ Kf8 31. Rxd4 cxd4 32. Nxc8 Nxf7 33. Nb6 Rd8 34. g6 d3 35. Rxf7+ Ke8 36. Rf1 d2 37. Rd1 Rd3 38. Na4 Rd4 39. Nb2 a5 40. Kf2 e5 41. Ke3 1/2-1/2

[Event "GER CM01-B email"]
[Site "GER email"]
[Date "2014.09.25"]
[Round "?"]
[White "Lucki, Stanislaw"]
[Black "Paulik, Vaclav"]
[Result "1/2-1/2"]
[WhiteElo "2327"]
[BlackElo "2362"]
[PlyCount "50"]
[EventDate "2014.??.??"]
[EventType "tourn (corr)"]
[EventRounds "12"]
[EventCountry "GER"]
[SourceTitle "Corr 2017"]
[Source "ChessBase"]
[SourceDate "2017.09.19"]
[SourceVersion "1"]
[SourceVersionDate "2017.09.19"]
[SourceQuality "1"]

1. e4 e5 2. Nf3 Nc6 3. Bb5 a6 4. Ba4 Nf6 5. 0-0 Be7 6. Re1 b5 7. Bb3 0-0 8. c3 d5 9. exd5 Nxd5 10. Nxe5 Nxe5 11. Rxe5 c6 12. d4 Bd6 13. Re1 Qh4 14. g3 Qh3 15. Be3 Bg4 16. Qd3 Rae8 17. Nd2 Re6 18. a4 Qh5 19. axb5 axb5 20. Nf1 Bf5 21. Qd2 Bh3 22. Bd1 Qg6 23. Bc2 Qh5 24. Bd1 Qg6 25. Bc2 Qh5 1/2-1/2